| 000 | 00570nam a2200181 i 4500 | ||
|---|---|---|---|
| 001 | 101116 | ||
| 003 | ES-MaACL | ||
| 005 | 20240516063039.0 | ||
| 007 | t| | ||
| 008 | 051013s1973 sp ||||1| spa d | ||
| 100 | 1 |
_aMaupassant, Guy de, _d1850-1893 _979214 |
|
| 245 | 1 | 4 |
_aLos caminos de la demencia / _cGuy de Maupassant; [traducción de Antonio Gallifa Olivé]. |
| 260 |
_aMadrid : _bDoncel, _c1973. |
||
| 300 |
_a245 p. ; _c18 cm. |
||
| 700 | 1 |
_aGallifa Olivé, Antonio. _953626 |
|
| 852 |
_aES-MaACL _jC-55830 _bR.88536 |
||
| 999 |
_c101116 _d101116 |
||